Statistics for College Football Stadiums in Illinois

Click here to take the quiz!

General Stats

  • This quiz has been taken 31 times
  • The average score is 3 of 5

Answer Stats

HintAnswer% Correct
IllinoisMemorial Stadium
96%
NorthwesternRyan Field
79%
Northern IllinoisHuskie Stadium
58%
Southern IllinoisSaluki Stadium
50%
Illinois StateHancock Stadium
42%

Score Distribution

Percentile by Number Answered

Percent of People with Each Score

Your Score History

You have not taken this quiz